书目信息 |
| 题名: |
医宗金鉴四诊心法要诀白话解
|
|
| 作者: | 何任 编 | |
| 分册: | ||
| 出版信息: | 北京 人民卫生出版社 1965 |
|
| 页数: | 121页 | |
| 开本: | 19cm | |
| 丛书名: | ||
| 单 册: | ||
| 中图分类: | R241.2 | |
| 科图分类: | ||
| 主题词: | 诊法--注释 , 中医学:临床医学 | |
| 电子资源: | ||
| ISBN: | ||
| 000 | 00644nam0 2200241 45 981 | |
| 001 | 0630060901 | |
| 005 | 20060815090741.78 | |
| 010 | @dCNY0.26 | |
| 091 | @a14048.3135 | |
| 100 | @a19960417d1965 emky0chiy0121 ea | |
| 101 | 0 | @achi |
| 102 | @aCN@b110000 | |
| 105 | @afa z 000yy | |
| 106 | @ar | |
| 200 | 10 | @a医宗金鉴四诊心法要诀白话解@Ayi zong jin jian si zhen xin fa yao jue bai hua jie@f何任编 |
| 210 | @a北京@c人民卫生出版社@d1965 | |
| 215 | @a121页@c图,表@d19cm | |
| 606 | @a诊法@x注释 | |
| 606 | 0 | @a中医学:临床医学 |
| 690 | @aR241.2@v3 | |
| 701 | 0 | @a何任@4编@Ahe ren |
| 801 | 0 | @c20060815 |
| 905 | @a10447@dR241.2@e158 | |
| 医宗金鉴四诊心法要诀白话解/何任编 .-北京:人民卫生出版社,1965 |
| 121页:图,表;19cm |
| ISBN :CNY0.26 |
| ● |
| 相关链接 |
|
|
|
|
正题名:医宗金鉴四诊心法要诀白话解
索取号:R241.2/158
 
预约/预借
| 序号 | 登录号 | 条形码 | 馆藏地/架位号 | 状态 | 备注 |
| 1 | 0458322 | 204583227 | 密集书库/ [索取号:R241.2/158] | 在馆 | |
| 2 | 0458379 | 204583799 | 密集书库/ [索取号:R241.2/158] | 在馆 |